| 000 | 00530nam a22001937a 4500 | ||
|---|---|---|---|
| 003 | OSt | ||
| 005 | 20250626052833.0 | ||
| 008 | 250626b |||||||| |||| 00| 0 eng d | ||
| 020 | _a978-0-07-131322 | ||
| 040 |
_aDWCL - Main lib _cOC |
||
| 082 | _aCirc. 658.8 P896r 2010 | ||
| 100 | _aPradhan, Swapna | ||
| 245 |
_aRetail merchandising/ _cSwapna Pradhan |
||
| 300 |
_a222 pages: _billustrations; _c23 cm. |
||
| 504 | _aIncludes index | ||
| 650 | _a1. Commerce | ||
| 650 | _a2. Retail trade | ||
| 942 |
_2ddc _cBK-CIRC _kCirc. _n0 |
||
| 999 |
_c3286 _d3286 |
||